000
00316nam a22001457a 4500
008
221013b ||||| |||| 00| 0 eng d
020
_a
9780838570739
041
_a
eng
080
_a
610.73
082
_a
610.73
100
_a
9
101
_a
inf
245
_a
NURSING ADMINISTRATION
_c
DECKER PH
942
_2
udc
_c
BK
999
_c
58551
_d
58551